[Event "The Game of Our Lives"]
[Site "http://www.queenalice.com/game.php?id=1087207"]
[Date "2012.7.26"]
[Round "-"]
[White "Ederson"]
[Black "Damo"]
[Result "0-1"]
[WhiteElo "1186"]
[BlackElo "1400"]

1. d4 e6 2. Bf4 Nc6 3. e3 Nf6 4. Bg5 h6 5. Bxf6 gxf6 6. f4 f5 7. Nc3 d6 8. Bb5
a6 9. Bc4 d5 10. Bb3 Rg8 11. Ba4 b5 12. Qh5 bxa4 13. Nxa4 Qe7 14. Nc5 e5 15.
dxe5 Qxc5 16. Qe2 d4 17. Qd2 dxe3 18. Qd3 Rxg2 19. O-O-O Be6 20. Ne2 Nb4 21. Qa3
Qxc2# 0-1

[Event "Jogue com força!"]
[Site "http://www.queenalice.com/game.php?id=1091908"]
[Date "2012.8.10"]
[Round "-"]
[White "Ederson"]
[Black "Damo"]
[Result "0-1"]
[WhiteElo "1198"]
[BlackElo "1400"]

1. d4 b6 2. b4 e6 3. h4 Bxb4+ 4. c3 Ba5 5. Na3 Ba6 6. Bg5 f6 7. Bf4 Qe7 8. Nb1
Nc6 9. Bxc7 e5 10. d5 Qc5 11. dxc6 Qxc6 12. g4 Qxc7 13. Qd5 Bc4 14. Qxa8+ Qd8
15. Qe4 Ne7 16. Qxc4 Qc8 17. Qd3 d5 18. Qb5+ Kf7 19. Nd2 Qxc3 20. f4 Qxa1+ 21.
Qb1 Qc3 22. Rh3 Qd4 23. Nf3 Qxf4 24. Kf2 Rc8 25. e3 Qxg4 26. Rg3 Qf5 27. Bh3 Qh5
28. Nb3 e4 29. Bg4 Qh6 30. Nxa5 Rc3 31. Ke2 Qxe3+ 32. Kd1 Rd3+ 33. Kc2 Qc5+ 34.
Kb2 Qc3# 0-1

[Event "Challenge"]
[Site "http://www.queenalice.com/game.php?id=1094227"]
[Date "2012.8.18"]
[Round "-"]
[White "Rogerio11"]
[Black "Damo"]
[Result "0-1"]
[WhiteElo "1321"]
[BlackElo "1408"]

1. e4 b6 2. Bc4 Ba6 3. Bd5 c6 4. Bb3 e6 5. e5 Qg5 6. Qe2 Bxe2 7. Nxe2 Qxg2 8.
Rg1 Qxh2 9. d4 Be7 10. c4 Bh4 11. Kd2 Na6 12. f4 O-O-O 13. c5 bxc5 14. dxc5 Nxc5
15. Rg4 Ne4+ 16. Kd3 Nf2+ 17. Kc2 Nxg4 18. Na3 Ne3+ 19. Bxe3 Qxe2+ 20. Kc3 Qxe3+
21. Kb4 Be7+ 22. Ka4 Qxf4+ 23. Nc4 d5 24. Rd1 dxc4 25. Bc2 Qxe5 26. b3 Qb5# 0-1

[Event "MrDJRVD"]
[Site "http://www.queenalice.com/game.php?id=1094235"]
[Date "2012.8.18"]
[Round "3"]
[White "MONSTERXADREZ"]
[Black "Damo"]
[Result "1-0"]
[WhiteElo "1639"]
[BlackElo "1407"]

1. e4 Nh6 2. b3 Nc6 3. Bb2 Ng4 4. Qxg4 h5 5. Qd1 e6 6. Nc3 Qf6 7. Na4 b5 8. Bxf6
gxf6 9. Nc3 Bb4 10. Nxb5 Ba5 11. Nf3 h4 12. a3 Rh5 13. Nfd4 Re5 14. Nxc6 Rxe4+
15. Be2 dxc6 16. b4 Bb6 17. Nc3 Re5 18. O-O Rg5 19. Bf3 e5 20. Bxc6+ Ke7 21.
Bxa8 h3 22. g3 f5 23. Nd5+ Kd6 24. Qe2 c6 25. Nf6 e4 26. Ne8+ Ke5 27. Bxc6 Rg4
28. Qb5+ Ke6 29. Qd5+ Ke7 30. Qd6# 1-0

[Event "Don't Know How To Do (rs)"]
[Site "http://www.queenalice.com/game.php?id=1097884"]
[Date "2012.8.30"]
[Round "-"]
[White "Ederson"]
[Black "Damo"]
[Result "1-0"]
[WhiteElo "1221"]
[BlackElo "1473"]

1. d4 b6 2. Bf4 Nc6 3. d5 e5 4. Bg3 Nd4 5. Bxe5 c5 6. c3 Nf5 7. g4 Nh4 8. Nh3 d6
9. Bg3 g5 10. Qa4+ Bd7 11. Qe4+ Qe7 12. f3 Nf6 13. Bxd6 Nxe4 14. Bxe7 Bxe7 15.
fxe4 Bxg4 16. Rg1 Bh5 17. Nxg5 Bxg5 18. Rxg5 Bg6 19. Re5+ Kd8 20. a4 Re8 21. Nd2
Rxe5 22. Bh3 Rg5 23. O-O-O Rb8 24. Nf3 Ng2 25. Nxg5 Ne3 26. Rd2 h6 27. Rd3 Nc4
28. b3 Na5 29. c4 hxg5 30. Rg3 Bxe4 31. Rxg5 Nxb3+ 32. Kb2 Na5 33. d6 f6 34.
Rg8# 1-0

[Event "Challenge"]
[Site "http://www.queenalice.com/game.php?id=1098676"]
[Date "2012.9.1"]
[Round "-"]
[White "HerbertPaulo"]
[Black "Damo"]
[Result "0-1"]
[WhiteElo "1972"]
[BlackElo "1421"]

1. e4 Nc6 2. Nf3 d6 3. g3 Qd7 4. d4 Qg4 5. Bg2 Qxe4+ 6. Be3 e5 7. O-O h5 8. Nxe5
Qf5 9. Nxc6 Ne7 10. Nxe7 Bxe7 11. Nc3 h4 12. Qd2 h3 13. Be4 Qh5 14. Nd5 f5 15.
Nxc7+ Kf8 16. Nxa8 fxe4 17. Nc7 Qf3 0-1

[Event "MrDJRVD"]
[Site "http://www.queenalice.com/game.php?id=1100381"]
[Date "2012.9.6"]
[Round "4"]
[White "Damo"]
[Black "Gadou"]
[Result "0-1"]
[WhiteElo "1447"]
[BlackElo "1499"]

1. Nf3 d6 2. g3 Bf5 3. Nd4 Bd7 4. e3 c5 5. Nb3 a5 6. Nc3 a4 7. Nxc5 dxc5 8. Bb5
Bc6 9. Qe2 Qd7 10. Rg1 g6 11. b3 Ra5 12. Bxa4 b5 13. Bxb5 Rxb5 14. a4 Ra5 15.
Ba3 e5 16. f4 Bd6 17. d4 Qb7 18. dxe5 Bf3 19. Qc4 Bd5 20. Qf1 Qa6 21. Nxd5 Qxf1+
22. Kxf1 Bf8 23. b4 cxb4 24. Bxb4 Rxd5 25. c4 Rd3 26. Ke2 Rxe3+ 27. Kxe3 Bxb4
28. Rab1 Bc5+ 29. Kf3 Bxg1 30. Rxg1 Ne7 31. Re1 O-O 32. h4 f5 33. Rg1 h5 34. c5
Rd8 35. c6 Nbxc6 36. g4 Rd3+ 37. Ke2 Ra3 38. gxh5 Nd4+ 39. Kd2 Nf3+ 40. Kc2 Nxg1
41. Kb2 Rxa4 42. hxg6 Rb4+ 43. Kc3 Rxf4 44. h5 Kg7 45. Kd3 Rh4 0-1

[Event "magalhaes_br"]
[Site "http://www.queenalice.com/game.php?id=1100646"]
[Date "2012.9.7"]
[Round "3"]
[White "Damo"]
[Black "signifer"]
[Result "1-0"]
[WhiteElo "1447"]
[BlackElo "1411"]

1. e3 d5 2. Nc3 Nf6 3. Nf3 Bg4 4. h3 Bh5 5. g4 Bg6 6. Ne5 Qd6 7. Nb5 Qxe5 8. d4
Qe6 9. Nxc7+ Kd7 10. Nxe6 Kxe6 11. c4 dxc4 12. Bxc4+ Kd7 13. Qa4+ Nc6 14. g5 Nh5
15. d5 Kd8 16. dxc6 bxc6 17. Qxc6 Rc8 18. Qd5+ Kc7 19. Bd2 e6 20. Ba5+ Kb8 21.
Qb5+ Ka8 22. Rd1 Bd6 23. Rxd6 f6 24. Rd7 Rb8 25. Qc6+ Rb7 26. Qxb7# 1-0

[Event "Challenge"]
[Site "http://www.queenalice.com/game.php?id=1101214"]
[Date "2012.9.9"]
[Round "-"]
[White "LeandroJunio"]
[Black "Damo"]
[Result "1-0"]
[WhiteElo "1477"]
[BlackElo "1462"]

1. e4 e6 2. d4 Nc6 3. Nf3 g6 4. Nc3 a6 5. Bd2 d5 6. exd5 exd5 7. Bd3 Qe7+ 8. Be3
Nh6 9. Qd2 Nf5 10. Nxd5 Qd6 11. c4 Bh6 12. Bxh6 Ncxd4 13. Nxd4 Nxd4 14. Qe3+ Ne6
15. Bg7 Rg8 16. Nf6+ Kd8 17. Nxg8 Kd7 18. Rd1 Kc6 19. Be4+ Kd7 20. Rxd6+ cxd6
21. Bc3 f5 22. Bd5 f4 23. Qxe6+ Kc7 24. Qe7+ Kb6 25. Qxd6+ Ka7 26. Bd4+ 1-0

[Event "Challenge"]
[Site "http://www.queenalice.com/game.php?id=1101215"]
[Date "2012.9.9"]
[Round "-"]
[White "Damo"]
[Black "LeandroJunio"]
[Result "1-0"]
[WhiteElo "1451"]
[BlackElo "1595"]

1. Nh3 d6 2. Nf4 e5 3. Nd5 Nc6 4. e3 Be6 5. Bc4 Nf6 6. e4 Nxe4 7. d3 Nc5 8. Nbc3
Be7 9. Nb5 Bxd5 10. Qg4 Bxc4 11. dxc4 O-O 12. h4 Nb4 13. Qd1 Bxh4 14. g3 Bf6 15.
Qh5 Nxc2+ 16. Kf1 Nxa1 17. Qxh7# 1-0

[Event "Aleluia!"]
[Site "http://www.queenalice.com/game.php?id=1107994"]
[Date "2012.9.30"]
[Round "-"]
[White "Ederson"]
[Black "Damo"]
[Result "0-1"]
[WhiteElo "1285"]
[BlackElo "1433"]

1. e4 Nc6 2. Qh5 Nf6 3. Qf5 g6 4. Qf4 e5 5. Qh4 g5 6. Qxg5 h6 7. Qh4 Qe7 8. d3
Bg7 9. Bg5 hxg5 10. Qxg5 Rh5 11. Qxg7 d6 12. Be2 Rh7 13. Qg5 Nd4 14. c3 Nc2+ 15.
Kd1 Nxa1 16. d4 Qd7 17. Qxf6 Qa4+ 18. Kc1 Qc2# 0-1

[Event "Challenge"]
[Site "http://www.queenalice.com/game.php?id=1109692"]
[Date "2012.10.5"]
[Round "-"]
[White "MONSTERXADREZ"]
[Black "Damo"]
[Result "1-0"]
[WhiteElo "1477"]
[BlackElo "1468"]

1. d4 Nf6 2. c3 c6 3. Nd2 Nd5 4. c4 Nb4 5. a3 N4a6 6. e4 e6 7. g3 b5 8. cxb5
cxb5 9. Bg2 Qb6 10. e5 Nc6 11. Ne2 f6 12. exf6 gxf6 13. Nf3 b4 14. a4 b3 15. O-O
Bb7 16. Ra3 Nab4 17. Rxb3 h5 18. Nf4 Qc7 19. Ng6 Rh6 20. Nxf8 O-O-O 21. Bxh6 Ba6
22. Re1 Qd6 23. Ng6 Rg8 24. Rc3 Rxg6 25. Bf4 Qd5 26. Be3 Qa2 27. Nh4 d5 28. Nxg6
Qxb2 29. Rb3 Qa2 30. Re2 Bxe2 31. Qd2 Bc4 32. Qxa2 Nxa2 33. Nf4 Bxb3 34. Nxh5
Nc3 35. Nxf6 Ne7 36. Bd2 Ne2+ 37. Kf1 Bc4 38. Bf3 Nxd4+ 39. Kg2 Ng6 40. Bc3 Nxf3
41. Kxf3 e5 42. Ne8 e4+ 43. Ke3 Nf8 44. Nd6+ Kd7 45. Nxc4 dxc4 46. Kxe4 Ne6 47.
Kd5 Ng5 48. f4 Ne6 49. Kxc4 Kc6 50. f5 Nc5 51. a5 1-0

[Event "Challenge"]
[Site "http://www.queenalice.com/game.php?id=1111668"]
[Date "2012.10.12"]
[Round "-"]
[White "Damo"]
[Black "Gadou"]
[Result "1-0"]
[WhiteElo "1443"]
[BlackElo "1447"]

1. Nh3 e5 2. e3 a6 3. d4 Bb4+ 4. Nd2 d6 5. c3 Ba5 6. Qa4+ c6 7. Nb3 b5 8. Qxa5
Qxa5 9. Nxa5 Bf5 10. Nb7 Nd7 11. Nxd6+ Kd8 12. Ng5 Nh6 13. dxe5 Nxe5 14. e4 Bg4
15. h3 Be6 16. Bf4 Ng6 17. Be5 Nxe5 18. O-O-O Kc7 19. f4 f6 20. Nxe6+ Kb6 21.
fxe5 fxe5 22. c4 c5 23. a4 b4 24. Rd5 Kc6 25. Nb5 Nf7 26. Be2 h5 27. Rf1 Nd6 28.
Rxd6+ Kb7 29. Rf7+ Kb8 30. Rb6+ Kc8 31. Nd6# 1-0

[Event "Eder's Revenge ;)"]
[Site "http://www.queenalice.com/game.php?id=1113021"]
[Date "2012.10.16"]
[Round "-"]
[White "Ederson"]
[Black "Damo"]
[Result "0-1"]
[WhiteElo "1277"]
[BlackElo "1459"]

1. e4 e6 2. a4 Nc6 3. d4 Nf6 4. e5 Nd5 5. Bc4 Na5 6. b3 Bb4+ 7. Bd2 b5 8. Bxb5
c6 9. Bxb4 Nxb4 10. Qd2 cxb5 11. Qxb4 Nc6 12. Qxb5 Nxd4 13. Qd3 Qb6 14. Ne2 Ba6
15. Qxd4 O-O 16. a5 Qb5 17. Nec3 Qc6 18. Ra4 Qxg2 19. Rf1 Qxf1+ 20. Kd2 f6 21.
Qe4 Qxf2+ 22. Ne2 f5 23. Qb4 Qxe2+ 24. Kc3 Rfc8+ 25. Kd4 Qe4# 0-1

[Event "Challenge"]
[Site "http://www.queenalice.com/game.php?id=1124613"]
[Date "2012.11.21"]
[Round "-"]
[White "Gadou"]
[Black "Damo"]
[Result "0-1"]
[WhiteElo "1476"]
[BlackElo "1389"]

1. e4 Nc6 2. c3 e6 3. h4 b6 4. a3 Nf6 5. Qf3 Ne5 6. Qg3 Bd6 7. Qxg7 Ng6 8. Qh6
Bf4 9. Qg7 Rg8 10. Qxg8+ Nxg8 11. g3 Be5 12. d4 Bg7 13. h5 N6e7 14. Nf3 d5 15.
e5 Nf5 16. Ng5 Ngh6 17. Bb5+ Kf8 18. Nxe6+ fxe6 19. Bc6 Rb8 20. Bb5 a6 21. Bd3
c5 22. b3 cxd4 23. Bd2 Ng4 24. c4 b5 25. Bb4+ Kg8 26. Nd2 Qc7 27. f4 Nge3 28.
Kf2 Ng4+ 29. Kf3 Nge3 30. h6 Bxh6 31. g4 Ng7 32. Rxh6 a5 33. Bd6 Qb7 34. Bxh7+
Kf7 35. Bg6+ Kg8 36. Rah1 dxc4+ 37. Ne4 Ngf5 38. Rh8+ Kg7 39. R1h7+ Kxg6 40.
Rxb7 Rxb7 41. Rxc8 cxb3 42. Rg8+ Rg7 43. gxf5+ exf5 44. Nf6 b2 45. Rxg7+ Kxg7
46. Ne8+ Kf7 0-1

[Event "BR OPEN"]
[Site "http://www.queenalice.com/game.php?id=1127122"]
[Date "2012.11.30"]
[Round "1"]
[White "BigOli1724"]
[Black "Damo"]
[Result "1-0"]
[WhiteElo "1448"]
[BlackElo "1403"]

1. d4 Nf6 2. e3 c6 3. Nc3 e6 4. Nf3 Qa5 5. Bd2 b5 6. Be2 Qb4 7. O-O h5 8. Bd3
Qd6 9. Ne4 Qc7 10. Nxf6+ gxf6 11. e4 h4 12. h3 f5 13. exf5 Bd6 14. Qe2 Qb6 15.
Qe3 Ba6 16. Bc3 b4 17. Bd2 c5 18. Bxa6 Nxa6 19. Qe4 Nc7 20. Nxh4 Rh5 21. Qg4 Rh7
22. Qg8+ Ke7 23. Qxh7 Re8 24. Bg5+ Kf8 25. Qh8# 1-0

[Event "Challenge"]
[Site "http://www.queenalice.com/game.php?id=1133282"]
[Date "2012.12.21"]
[Round "-"]
[White "Damo"]
[Black "MONSTERXADREZ"]
[Result "0-1"]
[WhiteElo "1414"]
[BlackElo "1534"]

1. g3 b6 2. Nf3 Bb7 3. Nc3 e6 4. d4 g6 5. g4 Bg7 6. Bg5 f6 7. Bf4 g5 8. Be3 Nc6
9. Bg2 Qe7 10. a3 O-O-O 11. Nd2 Kb8 12. d5 exd5 0-1

[Event "Challenge"]
[Site "http://www.queenalice.com/game.php?id=1151594"]
[Date "2013.2.13"]
[Round "-"]
[White "Rogerio11"]
[Black "Damo"]
[Result "0-1"]
[WhiteElo "1316"]
[BlackElo "1408"]

1. e4 b6 2. Bc4 Ba6 3. d3 e6 4. Nf3 d5 5. exd5 b5 6. Bb3 exd5 7. O-O h5 8. Bg5
f6 9. Bf4 Bd6 10. Bg3 Nd7 11. c4 g5 12. cxd5 h4 13. Bxd6 cxd6 14. Nc3 g4 15. Nd4
f5 16. Ne6 Qb6 17. d4 b4 18. Qc2 Ne7 19. Na4 Qb5 20. Nc7+ Kf7 21. Nxa8 Rxa8 22.
Qc7 Rc8 23. Qxd7 Qxd7 24. f3 Rg8 25. a3 Qb5 26. h3 gxh3 27. g3 Rxg3+ 28. Kf2
Qe2# 0-1

[Event "Challenge"]
[Site "http://www.queenalice.com/game.php?id=1176288"]
[Date "2013.4.28"]
[Round "-"]
[White "paolop69"]
[Black "Damo"]
[Result "1-0"]
[WhiteElo "1569"]
[BlackElo "1428"]

1. e4 g6 2. c3 b6 3. d3 Bh6 4. Nf3 e6 5. h3 d5 6. Bxh6 Nxh6 7. Qd2 f5 8. Qxh6
Qe7 9. Be2 Nc6 10. Qg5 h6 11. Qxe7+ Kxe7 12. Nh4 Rg8 13. O-O Ne5 14. Nf3 Nf7 15.
Nd4 Bb7 16. Nb5 dxe4 17. Nxc7 Rad8 18. Rd1 Rd7 19. Nb5 g5 20. N1a3 a6 21. Nd4 h5
22. Nc4 b5 23. Na5 Bd5 24. Bxh5 Nh6 25. Ndc6+ Kd6 26. Nb4 g4 27. dxe4 fxe4 28.
Bxg4 Nf5 29. Bxf5 Ke5 30. Bxe6 Bxe6 31. Nbc6+ Kf6 32. Rxd7 Bxd7 33. Nd4 Bxh3 34.
g3 e3 35. Ne2 Rg5 36. f4 Rh5 37. Re1 Bg4 38. Kg2 Rd5 39. Nd4 e2 40. Kf2 b4 41.
Nc4 bxc3 42. bxc3 Rd7 43. Ne3 Bh3 44. Rxe2 1-0

[Event "BR OPEN"]
[Site "http://www.queenalice.com/game.php?id=1180077"]
[Date "2013.5.9"]
[Round "2"]
[White "Damo"]
[Black "soonersam"]
[Result "1-0"]
[WhiteElo "1420"]
[BlackElo "1215"]

1. Nh3 e5 2. d3 c6 3. Nc3 Bc5 4. e3 b5 5. d4 exd4 6. exd4 Bb4 7. Bd2 h6 8. Ne4
Bxd2+ 9. Qxd2 Qe7 10. f3 a6 11. O-O-O Nf6 12. Re1 g5 13. Nd6+ Kd8 14. Rxe7 Kxe7
15. Nf5+ Kf8 16. Qe2 d6 17. Qe7+ Kg8 18. Qxf6 Rh7 19. Qd8# 1-0

[Event "BR OPEN"]
[Site "http://www.queenalice.com/game.php?id=1201812"]
[Date "2013.7.22"]
[Round "3"]
[White "Damo"]
[Black "NeeneNY"]
[Result "0-1"]
[WhiteElo "1418"]
[BlackElo "1403"]

1. Nh3 e5 2. e3 Nc6 3. Nc3 Nf6 4. Bc4 d5 5. Bb3 Bd6 6. a4 Bf5 7. Qf3 Qd7 8. d4
e4 9. Qe2 O-O-O 10. Nf4 Rde8 11. h3 Be6 12. a5 a6 13. Na4 Bxf4 14. exf4 Nxd4 15.
Qe3 Nc6 16. Nc5 Qd6 17. c4 d4 18. Nxe4 Nxe4 19. Qxe4 d3 20. Be3 Nb4 21. c5 Bxb3
22. Qxb4 Qd5 23. O-O Re4 24. Qd2 f6 25. Rfe1 Rhe8 26. Rac1 g5 27. c6 bxc6 28.
Qc3 gxf4 29. Qxc6 Qxc6 30. Rxc6 Ba4 31. Rcc1 fxe3 32. Rc6 Bxc6 0-1